Top 20 All-time passers in EPL - Statistics

General Stats
  • This quiz has been taken 17 times
  • The average score is 14 of 20
Answer Stats
Hint Answer % Correct
119 Kevin De Bruyne
100%
87 Mohamed Salah
100%
162 Ryan Giggs
100%
102 Frank Lampard
93%
92 Steven Gerrard
93%
74 Thierry Henry
86%
103 Wayne Rooney
86%
71 Son Heung-min
79%
73 Andrew Cole
71%
93 David Silva
71%
94 Dennis Bergkamp
71%
64 Gareth Barry
64%
89 James Milner
64%
80 David Beckham
57%
111 Cesc Fàbregas
50%
76 Teddy Sheringham
50%
77 Christian Eriksen
36%
65 Raheem Sterling
36%
74 Ashley Young
29%
68 Darren Anderton
21%
No matching quizzes found
Score Distribution
Percent of People with Each Score
Percentile by Number Answered
Your Score History
You have not taken this quiz